Comunicación eficaz y positiva

Đã lưu trong:
Chi tiết về thư mục
Tác giả chính: Leuro Blanco, Aída Esperanza (Tác giả)
Định dạng: Sách
Ngôn ngữ:Tiếng Tây Ban Nha
Được phát hành: Madrid Libro-Hobby-Club 2000
Phiên bản:1a. ed
Loạt:Colección Obras de Psicología
Những chủ đề:
Các nhãn: Thêm thẻ
Không có thẻ, Là người đầu tiên thẻ bản ghi này!

MARC

LEADER 00000nam a2200000 a 4500
001 UCL7476
003 CL-VaPUC
008 040520e20000000SP |||||||||||||||||spa|d
020 |a 8595598000 
082 0 4 |a 302.2  |b LEU  |2 21 
100 |a Leuro Blanco, Aída Esperanza  |e author  |9 485311 
245 1 0 |a Comunicación eficaz y positiva 
250 |a 1a. ed 
300 |a 316 p 
942 |c BK 
945 |d 20040520 00:00:00  |a cmena 
260 |a Madrid  |b Libro-Hobby-Club  |c 2000 
650 0 |a Comunicación   |9 257251 
650 7 |a PSICOLOGIA DE LA COMUNICACION  |2 CL-VaPUC  |9 332059 
650 7 |a IMPACTO DE LA COMUNICACION  |2 CL-VaPUC  |9 334456 
650 7 |a INVESTIGACION EN LA COMUNICACION  |2 CL-VaPUC  |9 485312 
583 |a last modification  |c 20040520 00:00:00  |k Rodrigo Vera 
490 0 |a Colección Obras de Psicología 
999 |c 309194  |d 309192 
952 |0 0  |1 0  |4 0  |6 302_200000000000000_LEU_2000  |7 0  |8 A  |9 376553  |a BIBEDU  |b BIBEDU  |d 2019-11-21  |i 401653K  |o 302.2 LEU 2000  |p 401653K  |r 2019-11-21  |w 2019-11-21  |y BK  |k BME